000 00407nam a2200169Ia 4500
008 231221s9999 xx 000 0 und d
020 _a8170999715
041 _aEnglish
082 _a370.117 BAT;1 R
100 _aBatra, Pooja
245 0 _aMulticultural education
250 _a1st ed.
260 _c2004
_bMittal
_aNew Delhi
300 _a192
650 _aMulticultural,education
942 _cED
999 _c206994
_d206994